000 00449nam a2200169Ia 4500
008 230917s9999||||xx |||||||||||||| ||und||
020 _cGBP20
040 _e219416
_aMAIN
041 _aEnglish
082 _a330.122 D246N
100 _aDardot, Plerre
245 0 _aNew way of the world: on neoliberal society
260 _aLondon
_bVerso
_c2013
300 _avii, 337 p.
500 _a1661 05/11/2014 RK1470 05/11/2014 Main Budget
942 _cBK
999 _c12445
_d12445